000 00405nam a2200169Ia 4500
008 230524s9999 xx 000 0 und d
020 _a9789380422411
082 _a621
_bMOH
100 _aJivan Jyoti Mohanty
_941970
245 0 _aVLSI Design
250 _a1
260 _aBBSR
_bBK Publication
_c2011
300 _a"XV,472p;"
500 _aQuantity Number: 1
650 _aElectronics
942 _cBK
999 _c56384
_d56384